Movies Quiz

Random Movies or Letter Quiz

Movie Hangman Quiz Stats

Quiz Updated Oct 29, 2014

Also try: Hollywood Hangman
Challenge
Share
Tweet
Embed
Score 0/108 Timer 04:00
0 Plays Today
Movie % Correct
A5???
97.3%
A6???
90.4%
A7???
87%
E6???
86.4%
S6???
84.6%
N6???
82.6%
I6???
82.5%
N5???
82.5%
L6???
82.2%
L5???
82.1%
U5???
81.6%
A8???
81.3%
M5???
81.2%
O7???
78.9%
*6 LETTER*???
78.8%
*5 LETTER*???
77.7%
N7???
77.3%
X6???
77.1%
Z6???
76.9%
Q6???
76%
X5???
75.3%
C7???
74.9%
Z5???
74.6%
V6???
74.6%
J6???
74.1%
Q5???
74.1%
W6???
73.7%
Y6???
73.6%
V5???
73.4%
K6???
72.7%
H7???
72%
I8???
71%
F6???
71%
K7???
70.6%
P6???
69.9%
N8???
69.2%
Movie % Correct
W5???
69.2%
H6???
69.1%
Y5???
68.8%
G6???
68.6%
*7 LETTER*???
68.3%
O8???
68.1%
J5???
68.1%
L8???
67.2%
M8???
66.9%
B6???
66.7%
K5???
66.2%
U6???
66%
C6???
65.9%
X7???
65.3%
Q7???
65.1%
Z7???
64.5%
F5???
64.3%
P5???
64.1%
G8???
63.8%
D6???
63.3%
G5???
61.9%
V7???
61.6%
J7???
60.7%
H5???
60.5%
M6???
59.5%
O6???
58.9%
*8 LETTER*???
58.3%
B5???
56%
D5???
55%
X8???
54.9%
Q8???
54.8%
Z8???
54.5%
C5???
54.2%
W7???
54%
V8???
52.1%
Y7???
51.7%
Movie % Correct
F7???
51.4%
J8???
50%
Y8???
50%
W8???
48.9%
K8???
47.7%
R6???
47.1%
P7???
46.2%
T6???
44.1%
G7???
44%
F8???
42.8%
P8???
42.7%
H8???
41.5%
B7???
40.1%
R5???
39%
D7???
38.6%
B8???
38.5%
U8???
37.9%
U7???
37%
O5???
35.1%
M7???
34.1%
D8???
33.9%
T5???
33.9%
C8???
33.3%
I5???
33.1%
L7???
32.4%
S5???
32%
E5???
24.5%
R7???
24.4%
I7???
23.3%
R8???
21.4%
T7???
21%
S7???
19.6%
T8???
18.8%
S8???
17.8%
E7???
16.3%
E8???
14.1%

You're not logged in!

Compare scores with friends on all Sporcle quizzes.
Join for Free
OR
Log In

You Might Also Like...

Show Comments

Extras

Top Quizzes Today


Score Distribution

Your Account Isn't Verified!

In order to create a playlist on Sporcle, you need to verify the email address you used during registration. Go to your Sporcle Settings to finish the process.

Report this User

Report this user for behavior that violates our Community Guidelines.

Details: